| 000 | 00770cam a2200169 4500 | ||
|---|---|---|---|
| 001 | WB3523-02 | ||
| 008 | 000000n1999 000 0 eng u | ||
| 035 | _a(Sirsi) u102483 | ||
| 245 | _aCounting cost of excavator productivity. | ||
| 260 | _c1999 | ||
| 490 |
_aConstruction News _v(6620) 17 June 1999, 16(1) |
||
| 520 | _aResearchers have developed a system called Estivate, that could transform the earth-moving industry by calculating the productivity of any excavator and accurately estimating the cost of earth moved per cubic metre. Contractors and estimators can predict the cost of using a particular excavator, and its output for the duration of its hire. | ||
| 650 |
_aContracts _96232 |
||
| 650 | _aESTIMATES | ||
| 690 | _aBUILT ENVIRONMENT | ||
| 942 | _n0 | ||
| 999 |
_c61495 _d61495 |
||